Unit operations of chemical engineering (Record no. 3799)

000 -LEADER
fixed length control field 00652nam a2200241 a 4500
001 - CONTROL NUMBER
control field 3799
003 - CONTROL NUMBER IDENTIFIER
control field BD-DhUET
008 - FIXED-LENGTH DATA ELEMENTS--GENERAL INFORMATION
fixed length control field 850523s1985 nyua b 001 0 eng
020 ## - INTERNATIONAL STANDARD BOOK NUMBER
International Standard Book Number 0070448280
040 ## - CATALOGING SOURCE
Modifying agency BD-DhUET
Transcribing agency 0
082 0# - DEWEY DECIMAL CLASSIFICATION NUMBER
Classification number 660.2842
Item number MCC/1985
100 1# - MAIN ENTRY--PERSONAL NAME
Personal name McCabe, Warren L.
245 10 - TITLE STATEMENT
Title Unit operations of chemical engineering
250 ## - EDITION STATEMENT
Edition statement 4th ed.
260 ## - PUBLICATION, DISTRIBUTION, ETC. (IMPRINT)
Place of publication, distribution, etc. New York
Name of publisher, distributor, etc. McGraw-Hill
Date of publication, distribution, etc. 1985
300 ## - PHYSICAL DESCRIPTION
Extent x, 960 p.
Other physical details ill.
Dimensions 25 cm.
490 1# - SERIES STATEMENT
Series statement McGraw-Hill chemical engineering series
504 ## - BIBLIOGRAPHY, ETC. NOTE
Bibliography, etc Includes bibliographies
650 #0 - SUBJECT ADDED ENTRY--TOPICAL TERM
Topical term or geographic name as entry element Chemical Processer
700 1# - ADDED ENTRY--PERSONAL NAME
Personal name Smith, Julian C.
700 1# - ADDED ENTRY--PERSONAL NAME
Personal name Harriott, Peter.
942 ## - ADDED ENTRY ELEMENTS (KOHA)
Koha item type General Book
Holdings
Koha full call number Date acquired Location (home branch) Koha date last borrowed Sublocation or collection (holding branch) Damaged status Koha item type Copy number Price effective from Piece designation (barcode) Withdrawn status Koha normalized classification for sorting Koha date last seen Koha issues (times borrowed) Shelving location Source of classification or shelving scheme Lost status Not for loan
660.2842/MCC/19852014-11-05Central Library, BUET Central Library, BUET General Book12014-11-0572739 660_000000000000000_2842MCC1982016-10-23 Circulation section   
660.2842/MCC/19852014-11-05Central Library, BUET Central Library, BUET General Book22014-11-0577549 660_000000000000000_2842MCC1982014-11-05 Circulation section   
660.2842/MCC/19852014-11-05Central Library, BUET2018-11-14Central Library, BUET General Book32014-11-0577550 660_000000000000000_2842MCC1982018-12-042Circulation section   
660.2842/MCC/19852015-07-01Central Library, BUET Central Library, BUET Reading Item42015-07-0168731 660_284200000000000_MCC_19852015-07-01 Reading section   
660.2842 MCC/19851989-06-27Central Library, BUET Central Library, BUET Rental Item৪/ক-১2024-11-2573910 660_284200000000000_MCC_19852024-11-25 Rental section   
660.2842 MCC/19851989-06-27Central Library, BUET Central Library, BUET Rental Item৪/ক-২2024-11-2573911 660_284200000000000_MCC_19852024-11-25 Rental section   
660.2842 MCC/19851989-06-27Central Library, BUET Central Library, BUET Rental Item৪/ক-৩2024-11-2573912 660_284200000000000_MCC_19852024-11-25 Rental section   
660.2842 MCC/19851989-06-27Central Library, BUET Central Library, BUET Rental Item৪/ক-৪2024-11-2573913 660_284200000000000_MCC_19852024-11-25 Rental section   
660.2842 MCC/19851989-06-27Central Library, BUET Central Library, BUET Rental Item৪/ক-৫2024-11-2573914 660_284200000000000_MCC_19852024-11-25 Rental section   
660.2842 MCC/19851989-06-27Central Library, BUET Central Library, BUET Rental Item৪/ক-৬2024-11-2573915 660_284200000000000_MCC_19852024-11-25 Rental section   
660.2842 MCC/19851989-06-27Central Library, BUET Central Library, BUET Rental Item৪/ক-৭2024-11-2573916 660_284200000000000_MCC_19852024-11-25 Rental section   
660.2842 MCC/19851989-06-27Central Library, BUET Central Library, BUET Rental Item৪/ক-৮2024-11-2573917 660_284200000000000_MCC_19852024-11-25 Rental section   
660.2842 MCC/19851989-06-27Central Library, BUET Central Library, BUET Rental Item৪/ক-৯2024-11-2573918 660_284200000000000_MCC_19852024-11-25 Rental section   
660.2842 MCC/19851989-06-27Central Library, BUET Central Library, BUET Rental Item৪/ক-১০2024-11-2573919 660_284200000000000_MCC_19852024-11-25 Rental section   
660.2842 MCC/19851989-06-27Central Library, BUET Central Library, BUET Rental Item৪/ক-২৫2024-11-2573934 660_284200000000000_MCC_19852024-11-25 Rental section   
660.2842 MCC/19851989-06-27Central Library, BUET Central Library, BUET Rental Item৪/ক-২৬2024-11-2573935 660_284200000000000_MCC_19852024-11-25 Rental section